00317nam a2200109Ia 4500008004100000082002000041100002300061245001100084260004100095630001800136650005300154211109s9999||||xx |||||||||||||| ||und|| a894.8123bGOP-K aGopalan Nair, Pala 0aThebul bCurrent BooksaKottayam Bn 795c1978 xgeneral stack aMalayalam LIteraturevMalayalam FictionGeneralia